Advanced organic chemistry : (Record no. 9992)

MARC details
000 -LEADER
fixed length control field 01249cam a22003374a 4500
001 - ACCESSION NUMBER
control field 13377
003 - CONTROL NUMBER IDENTIFIER
control field CUTN
005 - DATE AND TIME OF LATEST TRANSACTION
control field 20140123113935.0
008 - FIXED-LENGTH DATA ELEMENTS--GENERAL INFORMATION
fixed length control field 010314s2002 caua b 001 0 eng
010 ## - LIBRARY OF CONGRESS CONTROL NUMBER
LC control number 2001088748
020 ## - INTERNATIONAL STANDARD BOOK NUMBER
International Standard Book Number 9788181477132 (acidfree paper)
040 ## - CATALOGING SOURCE
Original cataloging agency DLC
Transcribing agency DLC
Modifying agency DLC
041 1# - LANGUAGE CODE
Language code of text/sound track or separate title eng
Language code of original and/or intermediate translations of text ger
042 ## - AUTHENTICATION CODE
Authentication code pcc
050 00 - LIBRARY OF CONGRESS CALL NUMBER
Classification number QD502.5
Item number .B7813 2002
082 00 - DEWEY DECIMAL CLASSIFICATION NUMBER
Classification number 547/.139
Edition number 21
100 1# - MAIN ENTRY--PERSONAL NAME
Personal name Bruckner, Reinhard,
Dates associated with a name 1955-
Locally assigned cutter number (author) BRU
240 10 - UNIFORM TITLE
Uniform title <a href="Reaktionmechanismen.">Reaktionmechanismen.</a>
Language of a work English
245 10 - TITLE STATEMENT
Title Advanced organic chemistry :
Remainder of title reaction mechanisms /
Statement of responsibility, etc Reinhard Bruckner.
246 30 - VARYING FORM OF TITLE
Title proper/short title Reaction mechanisms
260 ## - PUBLICATION, DISTRIBUTION, ETC. (IMPRINT)
Place of publication, distribution, etc San Diego :
Name of publisher, distributor, etc Harcourt/Academic Press,
Date of publication, distribution, etc c2002.
300 ## - PHYSICAL DESCRIPTION
Extent xxi, 636 p. :
Other physical details ill. ;
Dimensions 24 cm.
440 #0 - SERIES STATEMENT/ADDED ENTRY--TITLE
Title Advanced organic chemistry series
504 ## - BIBLIOGRAPHY, ETC. NOTE
Bibliography, etc Includes bibliographical references and index.
650 #0 - SUBJECT ADDED ENTRY--TOPICAL TERM
Topical term or geographic name as entry element Organic reaction mechanisms.
856 42 - ELECTRONIC LOCATION AND ACCESS
Materials specified Publisher description
Uniform Resource Identifier <a href="http://www.loc.gov/catdir/description/els031/2001088748.html">http://www.loc.gov/catdir/description/els031/2001088748.html</a>
856 41 - ELECTRONIC LOCATION AND ACCESS
Materials specified Table of contents
Uniform Resource Identifier <a href="http://www.loc.gov/catdir/toc/els031/2001088748.html">http://www.loc.gov/catdir/toc/els031/2001088748.html</a>
906 ## - LOCAL DATA ELEMENT F, LDF (RLIN)
a 7
b cbc
c orignew
d 2
e epcn
f 20
g y-gencatlg
942 ## - ADDED ENTRY ELEMENTS (KOHA)
Source of classification or shelving scheme Dewey Decimal Classification
Koha item type General Books
Holdings
Date last seen Total Checkouts Total Renewals Full call number Barcode Date checked out Copy number Price effective from Koha item type Lost status Source of classification or shelving scheme Damaged status Not for loan Withdrawn status Home library Current library Shelving location Date acquired
18/03/2025 16 15 547/.139 13377 31/01/2025 1 23/01/2014 General Books   Dewey Decimal Classification       CUTN Central Library CUTN Central Library Sciences 23/01/2014